[Event "BL2-S8990"]
[Site "Germany"]
[Date "1990.??.??"]
[Round "?"]
[White "Tischer, Guenter"]
[Black "Baldauf, Markus"]
[Result "1-0"]
[WhiteElo "2335"]
[BlackElo "2280"]

1.d4 Nf6 2.c4 e6 3.Nf3 b6 4.g3 Ba6 5.b3 d5 6.Bg2 Bb4+ 7.Bd2 Be7 8.O-O O-O
9.Ne5 Bb7 10.Nc3 Nbd7 11.Bg5 h6 12.Bf4 Ne4 13.Nxe4 dxe4 14.Qc2 Nf6 15.Rad1 Qc8
16.Bh3 Qe8 17.Be3 a5 18.Bg2 a4 19.f3 exf3 20.Bxf3 Bxf3 21.Rxf3 axb3 22.axb3 Ra6
23.Rdf1 Qa8 24.g4 Bd6 25.Rxf6 Bxe5 26.R6f3 Bd6 27.Bxh6 gxh6 28.Rxf7 Rxf7
29.Qg6+ Rg7 30.Qxe6+ Kh7 31.Rf6 Qg8 32.Rxh6+  1-0

[Event "BL2-SW8990"]
[Site "Germany"]
[Date "1990.??.??"]
[Round "?"]
[White "Weiss, Roland"]
[Black "Kohlweyer, Bernd"]
[Result "0-1"]
[WhiteElo "2240"]
[BlackElo "2395"]

1.d4 Nf6 2.c4 e6 3.Nf3 b6 4.g3 Ba6 5.Nbd2 c5 6.Bg2 Nc6 7.dxc5 bxc5 8.O-O Rb8
9.b3 Be7 10.Bb2 Qc7 11.e4 d6 12.Re1 e5 13.Nh4 g6 14.f4 Bc8 15.Nf1 O-O 16.Ne3 Nd4
17.Nf3 a5 18.Rb1 a4 19.Nd5 Nxd5 20.exd5 axb3 21.Bxd4 exd4 22.axb3 Bf5 23.Ra1 Bf6
24.Nd2 d3 25.Ra4 Bc3 26.Be4 Qd7 27.Ra2 Rfe8 28.Bxf5 Qxf5 29.Kg2 h5 30.Qc1 Re2+
31.Rxe2 dxe2 32.Nf3 Qd3 33.Rc2 Rxb3 34.Kf2 Bb2  0-1

[Event "Groningen"]
[Site "Groningen"]
[Date "1990.??.??"]
[Round "?"]
[White "Brenninkmeijer, Joris"]
[Black "Arnason, Jon L"]
[Result "1-0"]
[WhiteElo "2510"]
[BlackElo "2540"]

1.d4 Nf6 2.c4 e6 3.Nf3 b6 4.g3 Ba6 5.b3 Bb7 6.Bg2 Bb4+ 7.Bd2 c5 8.O-O O-O
9.Bc3 d5 10.cxd5 exd5 11.Bb2 Ne4 12.a3 Ba5 13.dxc5 bxc5 14.b4 Qb6 15.Nc3 Nxc3
16.Bxc3 cxb4 17.axb4 Bxb4 18.Bxb4 Qxb4 19.Rb1 Qe7 20.Nd4 Qd7 21.Nf5 Rd8 22.e4 Nc6
23.Qxd5 Rab8 24.Qxd7 Rxd7 25.Rfc1 Ne5 26.f4 Nd3 27.Rc3 g6 28.Ne3 Re8 29.Rxb7 Rxb7
30.Rxd3 a5 31.Ra3 Ra7 32.Ra4 Rb8 33.Nd5 Rb2 34.e5 Kg7 35.g4 h6 36.f5 gxf5
37.gxf5 h5 38.e6 fxe6 39.fxe6 Re2 40.e7 Re5 41.Re4  1-0

[Event "Groningen op"]
[Site "Groningen"]
[Date "1990.??.??"]
[Round "3"]
[White "Douven, Rudy C"]
[Black "Bischoff, Klaus"]
[Result "1/2-1/2"]
[WhiteElo "2410"]
[BlackElo "2530"]

1.d4 Nf6 2.Nf3 e6 3.c4 b6 4.g3 Ba6 5.b3 Bb7 6.Bg2 Bb4+ 7.Bd2 Be7 8.O-O O-O
9.Bc3 d5 10.Nbd2 Na6 11.cxd5 exd5 12.Ne5 c5 13.Bb2 cxd4  1/2-1/2

[Event "HUN-chop"]
[Site "Gyor"]
[Date "1990.??.??"]
[Round "7"]
[White "Halasz, Tamas"]
[Black "Kiselev, Sergey"]
[Result "1-0"]
[WhiteElo "2415"]
[BlackElo "2440"]

1.d4 Nf6 2.c4 e6 3.Nf3 b6 4.g3 Ba6 5.b3 Bb4+ 6.Bd2 Be7 7.Nc3 c6 8.e4 d5 9.e5 Ne4
10.Bd3 Nxd2 11.Qxd2 Bb7 12.O-O O-O 13.Rfe1 Na6 14.cxd5 cxd5 15.a3 Nb8 16.Rec1 Nc6
17.b4 Rc8 18.Qc2 g6 19.Qd2 f6 20.Qh6 Rf7 21.Qe3 fxe5 22.Nxe5 Nxe5 23.Qxe5 Bf6
24.Qe3 e5 25.Ne2 e4 26.Bb5 Bg5 27.Rxc8 Bxc8 28.Qc3 a6 29.Ba4 Bg4 30.Bd1 Rf3
31.Qc6 e3 32.Nf4 Bxf4 33.Bxf3 Bxf3 34.Qe6+ Kf8 35.fxe3 Bxg3 36.hxg3 Qg5 37.Qe5 Qxe5
38.dxe5 Ke7 39.Rf1  1-0

[Event "HUN-chop"]
[Site "Gyor"]
[Date "1990.??.??"]
[Round "8"]
[White "Panchenko, Alexandar G"]
[Black "Pogorelov, Ruslan"]
[Result "1-0"]
[WhiteElo "2375"]
[BlackElo "2385"]

1.d4 Nf6 2.Nf3 e6 3.c4 b6 4.g3 Ba6 5.Qb3 Nc6 6.Nbd2 Na5 7.Qc2 c5 8.e4 cxd4
9.e5 Ng8 10.Bd3 Rc8 11.O-O f5 12.exf6 Nxf6 13.Ng5 Qc7 14.b3 Bd6 15.Bxh7 Ke7
16.Qg6 Rcf8 17.Qxg7+ Kd8 18.Nf7+ Rxf7 19.Qxh8+ Rf8 20.Qg7 Bb7 21.Re1 Nxh7
22.Qxh7 Nc6 23.Qg7 Nb4 24.Ne4 Nd3 25.Bg5+ Kc8 26.Nxd6+ Qxd6 27.Be7 Qxe7 28.Qxe7 Rxf2
29.Re2 Rxe2 30.Qf8+ Kc7 31.Qf1 Re3 32.Rd1 Ne5 33.Rxd4 Nf3+ 34.Kf2 Re5 35.Qd1 Bc6
36.Rxd7+ Bxd7 37.Kxf3 Bc6+ 38.Kg4 Rf5 39.h4 Bd7 40.Qd3 Kd8 41.Qd6 Rf7 42.Kg5 Ke8
43.Kg6  1-0

[Event "ACCOM op"]
[Site "Haarlem"]
[Date "1990.??.??"]
[Round "7"]
[White "Klarenbeek, Hans"]
[Black "Van Scheltinga, Theo D"]
[Result "1-0"]
[WhiteElo "2315"]
[BlackElo "2335"]

1.d4 Nf6 2.Nf3 b6 3.c4 e6 4.g3 Ba6 5.b3 Be7 6.Bg2 c6 7.O-O d5 8.Ne5 Nfd7
9.Nxd7 Nxd7 10.Bb2 Rc8 11.Nd2 O-O 12.e4 Nf6 13.e5 Ne8 14.Re1 Nc7 15.Rc1 c5
16.cxd5 Nxd5 17.dxc5 Bxc5 18.a3 Qd7 19.Ne4 Be7 20.Qg4 Rxc1 21.Rxc1 f5 22.exf6 Nxf6
23.Rd1 Nxg4 24.Rxd7 Rd8 25.Rxd8+ Bxd8 26.Bh3 Be2 27.Nc3 Bf3 28.Nb5 h5 29.Nxa7 Bd5
30.b4 Kf7 31.Nb5 Bf6 32.Bd4 Ne5 33.Bg2 Nc4 34.a4 Bxg2 35.Kxg2 e5 36.Bc3 Ke6
37.Nc7+ Kd7 38.Nd5 Bd8 39.Ne3 Nxe3+ 40.fxe3 Kd6 41.e4 g5 42.g4 h4 43.Kf3 Bc7
44.Bd2 Bd8 45.Be3 Kc6 46.b5+ Kd6 47.Ke2 Kd7 48.Kd3 Kd6 49.Kc4 Ke6 50.h3 Kd6
51.Bg1 Bc7 52.Bf2 Bd8 53.Be3 Ke6 54.a5 bxa5 55.b6 Kd6 56.b7  1-0

[Event "Haninge"]
[Site "Haninge"]
[Date "1990.??.??"]
[Round "1"]
[White "Karpov, Anatoly"]
[Black "Polugaevsky, Lev"]
[Result "1/2-1/2"]
[WhiteElo "2730"]
[BlackElo "2610"]

1.d4 Nf6 2.c4 e6 3.Nf3 b6 4.g3 Ba6 5.b3 Bb4+ 6.Bd2 Be7 7.Bg2 c6 8.Bc3 d5
9.Ne5 Nfd7 10.Nxd7 Nxd7 11.Nd2 O-O 12.O-O Rc8 13.e4 c5 14.exd5 exd5 15.dxc5 dxc4
16.c6 cxb3 17.Nc4 b2 18.Bxb2 Bxc4 19.Qg4 Bf6 20.Bxf6 Qxf6 21.Qxc4 Ne5 22.Qa6 Nf3+
23.Bxf3 Qxf3 24.Qxa7 Rxc6 25.Rab1 Qf6 26.Rfc1 Rxc1+ 27.Rxc1 Qb2 28.Re1 h5
29.a4 Qd4 30.Rb1 Qe4  1/2-1/2

[Event "Haninge"]
[Site "Haninge"]
[Date "1990.??.??"]
[Round "9"]
[White "Polugaevsky, Lev"]
[Black "Hellers, Ferdinand"]
[Result "1-0"]
[WhiteElo "2610"]
[BlackElo "2525"]

1.d4 Nf6 2.c4 e6 3.Nf3 b6 4.g3 Ba6 5.Qa4 Bb7 6.Bg2 c5 7.dxc5 Bxc5 8.O-O O-O
9.Nc3 Be7 10.Rd1 Na6 11.Be3 Nc5 12.Bxc5 bxc5 13.Ne5 Bxg2 14.Kxg2 Qb8 15.Nxd7 Nxd7
16.Rxd7 Qxb2 17.Rb1 Qxc3 18.Rxe7 Qe5 19.Qc2 a6 20.Rbb7 Rab8 21.Qd3 Rxb7 22.Rxb7 g6
23.a4 Qa1 24.Rc7 Qxa4 25.Rxc5 Qb4 26.Qd4 Qb6 27.h4 h5 28.Qe5 Rd8 29.Kf3 Qb3+
30.Kf4 Qb8 31.Rc7 Rc8 32.Rxc8+ Qxc8 33.c5 a5 34.Qd6 Kh7 35.c6 Qa6 36.Kf3 a4
37.Qd7 a3 38.Qxf7+ Kh6 39.Qf8+ Kh7 40.Qe7+ Kh6 41.c7 Qa8+ 42.e4 a2 43.Qg5+ Kh7
44.Qe7+ Kh6 45.Qf6 a1=Q 46.Qxa1 Qxa1 47.c8=Q Qf6+ 48.Kg2 Kh7 49.Qc7+ Kg8
50.Qc5 Kh7 51.Qg5 Qf7 52.Qe5 Kg8 53.Qf4 Qe7 54.Kf3 Kh7 55.Ke2 Kg7 56.Qg5 Qf7
57.Qd8 Kh7 58.Qb8 Qe7 59.Qb2 Kg8 60.Ke3 Qc7 61.Kf3 Qf7+ 62.Kg2 Qc7 63.Qd4 Qe7
64.Qe5 Kh7 65.Qg5 Qf7 66.g4 hxg4 67.Qxg4 Qe7 68.Kg3 Kg7 69.Qf4 Qd8 70.Qe5+ Kf7
71.Qc3 Qd6+ 72.Kg4 Qb6 73.Qd2 Qb5 74.Qd4 Qe2+ 75.Kf4 Qb5 76.Qd6 Qe2 77.Qd7+ Kf6
78.Qd4+ Kf7 79.Qd7+ Kf6 80.Qd8+ Kf7 81.Qc7+ Kg8 82.Qb6 Kf7 83.Qd4 Qh5 84.Kg3 Qb5
85.e5 Kg7 86.Qf4 Qd3+ 87.f3 Qd8 88.Kg4 Qe7 89.h5 gxh5+ 90.Kxh5 Qe8+ 91.Kh4 Qd7
92.Kg5 Kg8 93.Kh5 Kg7 94.Qg5+ Kf8 95.Kh6 Qd5 96.Qf6+ Ke8 97.Kg7 Qd7+ 98.Kg8 Qd5
99.f4 Qg2+ 100.Qg7 Qh3 101.Qg6+ Kd8 102.Kf7 Kd7 103.f5  1-0

[Event "Capablanca mem-A"]
[Site "Havana"]
[Date "1990.??.??"]
[Round "?"]
[White "Gruenberg, Hans Ulrich"]
[Black "Herrera, Irisberto"]
[Result "1/2-1/2"]
[WhiteElo "2475"]
[BlackElo "2410"]

1.d4 Nf6 2.c4 e6 3.Nf3 b6 4.g3 Ba6 5.Qa4 c5 6.Bg2 Bb7 7.dxc5 bxc5 8.O-O Be7
9.Nc3 O-O 10.Rd1 Qb6 11.Bf4 Rd8 12.Rd2 Na6 13.Rad1 d6 14.Qb5 Ne8 15.g4 Nac7
16.Qxb6 axb6 17.Bg5 Kf8 18.b3 Nf6 19.h3 Ne4 20.Nxe4 Bxe4 21.Bf4 Ne8 22.a4 e5
23.Bg3 Nc7 24.Ne1 Bxg2 25.Kxg2 Ne6 26.e3 g5 27.Nc2 f6 28.Na3 Nc7 29.h4 h6
30.hxg5 hxg5 31.Nb1 Kf7 32.Nc3 Ne6 33.Kf3 Rh8 34.Ne4 Rh3 35.Rb2 Rah8 36.Rdb1 Rd8
37.Rd2 Rhh8 38.Re1 Rh7 39.Rdd1 Rdh8 40.Rb1 Rd8 41.Red1 Rdh8 42.Ra1 Rf8 43.Ra2 Rhh8
44.Rg1 Rh7 45.Rd1 Rfh8  1/2-1/2

[Event "Havana Guines"]
[Site "Havana"]
[Date "1990.??.??"]
[Round "2"]
[White "Barros, Raul"]
[Black "Dragomarezkij, Evgeni"]
[Result "0-1"]
[WhiteElo "2280"]
[BlackElo "2385"]

1.d4 Nf6 2.c4 e6 3.Nf3 b6 4.g3 Ba6 5.Nbd2 d5 6.Bg2 Be7 7.O-O O-O 8.Ne5 Bb7
9.b3 c5 10.Bb2 Na6 11.e3 Rc8 12.Rc1 Rc7 13.Qe2 Qa8 14.dxc5 bxc5 15.f4 Ne4
16.Nxe4 dxe4 17.Qg4 f5 18.Qe2 Nb4 19.Ba1 Nd3 20.Rcd1 Rd8 21.Rd2 Bf6 22.Rfd1 a5
23.g4 a4 24.gxf5 exf5 25.Bh3 Bxe5 26.Bxe5 Rf7 27.Qh5 Bc8 28.Bf1 axb3 29.axb3 Rdf8
30.Bc3 Qb7 31.Rb1 Be6 32.Rdd1 Ra8 33.Qe2 Ra6 34.Qg2 Bc8 35.Rxd3 Rg6 36.Qxg6 hxg6
37.Rd6 Kh7 38.Be2 Qa7 39.Ra1 Qb8 40.Rdd1 Qb6 41.Re1 Bb7 42.Kf2  0-1

[Event "Helsinki"]
[Site "Helsinki"]
[Date "1990.??.??"]
[Round "3"]
[White "Pein, Malcolm"]
[Black "Raaste, Eero J"]
[Result "1-0"]
[WhiteElo "2420"]
[BlackElo "2380"]

1.d4 Nf6 2.c4 e6 3.Nf3 b6 4.g3 Ba6 5.Nbd2 Bb4 6.Qc2 Bb7 7.Bg2 Be4 8.Qb3 c5
9.O-O Bxd2 10.Bxd2 Nc6 11.dxc5 bxc5 12.Qe3 Qe7 13.Bc3 Bxf3 14.Bxf3 Rc8 15.a3 O-O
16.b3 Rfd8 17.Rfd1 d5 18.Bxf6 Qxf6 19.cxd5 exd5 20.Qxc5 Ne5 21.Qxa7 Nxf3+
22.exf3 Qxf3 23.Rd2 h5 24.Qe3 Qf5 25.Qd3 Qf6 26.h4 d4 27.Re1 Rc5 28.Rde2 g6
29.Re8+ Rxe8 30.Rxe8+ Kg7 31.Re1 Rf5 32.f4 Rd5 33.b4 Qc6 34.Rb1 Qc3 35.Qxc3 dxc3
36.Rc1 Rd3 37.Kf2 c2 38.Rxc2 Rxa3 39.Rb2 Kf6 40.b5 Ra7 41.b6 Rb7 42.Ke3 Ke6
43.Ke4 f5+ 44.Kd4 Kd6 45.Rb3  1-0

[Event "FIN-ch"]
[Site "Helsinki"]
[Date "1990.??.??"]
[Round "13"]
[White "Manninen, Marko"]
[Black "Raaste, Eero J"]
[Result "1/2-1/2"]
[WhiteElo "2215"]
[BlackElo "2380"]

1.d4 Nf6 2.c4 e6 3.Nf3 b6 4.g3 Ba6 5.Nbd2 Bb4 6.Qa4 c5 7.dxc5 bxc5 8.a3 Bxd2+
9.Bxd2 O-O 10.Bg2 Bb7 11.O-O  1/2-1/2

[Event "JUG-sf"]
[Site "Kladovo"]
[Date "1990.??.??"]
[Round "8"]
[White "Mirkovic, Slobodan"]
[Black "Pavlovic, Milos"]
[Result "1/2-1/2"]
[WhiteElo "2400"]
[BlackElo "2420"]

1.d4 Nf6 2.Nf3 e6 3.c4 b6 4.g3 Ba6 5.b3 Bb4+ 6.Bd2 Be7 7.Bg2 Bb7 8.O-O O-O
9.Nc3 Na6 10.Bf4 Ne4 11.Nxe4 Bxe4 12.Ne1 Bxg2 13.Nxg2 c6 14.Qd3 d5 15.Rac1 c5
16.a3 cxd4 17.b4 Nb8 18.Qxd4 Nc6 19.Qd3 d4 20.Bd2  1/2-1/2

[Event "POL-ch Girls U20"]
[Site "Konin"]
[Date "1990.??.??"]
[Round "5"]
[White "Pondo, A."]
[Black "Smiechowska, Joanna"]
[Result "0-1"]
[WhiteElo "1975"]
[BlackElo "2145"]

1.d4 Nf6 2.c4 e6 3.Nf3 b6 4.g3 Ba6 5.Qc2 Be7 6.Bg2 c6 7.O-O O-O 8.b3 d5 9.c5 bxc5
10.dxc5 Qa5 11.Ba3 Nbd7 12.b4 Qc7 13.Bb2 Rfb8 14.a3 Bc8 15.Bc3 Ne4 16.Be1 a5
17.Ra2 Ba6 18.Nd4 Nef6 19.Nb3 Bc4 20.Rb2 Qb7 21.Bc3 axb4 22.axb4 Bxb3 23.Rxb3 Nxc5
24.Rb2 Na4 25.Rb3 Nxc3 26.Rxc3 Ra6 27.Rc1 Rc8 28.b5 Qxb5 29.Rb3 Qa5 30.Bf1 Rb6
31.Rc3 Ne4 32.Rb3 h6 33.Bg2 Nf6 34.Qb2 Rcb8 35.Rcc3 Rxb3 36.Rxb3 Rxb3 37.Qxb3 Bf8  0-1

[Event "RSFSR-ch"]
[Site "Kuibishev"]
[Date "1990.??.??"]
[Round "?"]
[White "Sherbakov, Ruslan"]
[Black "Poluljahov, Aleksandr"]
[Result "1/2-1/2"]
[WhiteElo "2425"]
[BlackElo "2415"]

1.d4 Nf6 2.Nf3 e6 3.c4 b6 4.g3 Ba6 5.b3 d5 6.Bg2 Bb4+ 7.Bd2 Be7 8.O-O O-O
9.cxd5 exd5 10.Ne5 Bb7 11.Qc2 c5 12.dxc5 bxc5 13.Rd1 Qc8 14.Nc3 Na6 15.Na4 Re8
16.Be1 d4 17.Qc4 Bxg2 18.Kxg2 Qb7+ 19.Kg1 Bf8 20.Nxf7 Qxf7 21.Qxa6 Qh5 22.f3 Re5
23.Qd3 Rae8 24.e4 dxe3 25.Qe2 Qg6 26.Rac1 h5 27.Rc4 Rf5 28.Nc3  1/2-1/2

[Event "Miskolc"]
[Site "Miskolc"]
[Date "1990.??.??"]
[Round "1"]
[White "Ruban, Vadim"]
[Black "Lendwai, Reinhard"]
[Result "0-1"]
[WhiteElo "2555"]
[BlackElo "2380"]

1.d4 Nf6 2.c4 e6 3.Nf3 b6 4.g3 Ba6 5.b3 Bb4+ 6.Bd2 Be7 7.Nc3 d5 8.cxd5 exd5
9.Bg2 O-O 10.O-O Re8 11.Qc2 c5 12.dxc5 bxc5 13.Ne5 Bf8 14.Nd3 h6 15.Be3 Nc6
16.Nxc5 Rxe3 17.Nxa6 Nd4 18.Qd2 Rxc3 19.Qxd4 Rc2 20.Nb4 Rxe2 21.Bf3 Re8 22.Nxd5 Nxd5
23.Bxd5 Rc8 24.Rad1 Qc7 25.Rd3 Bc5 26.Qg4 Qe5 27.Bc4 Rc7 28.Rf3 h5 29.Qh3 g6
30.Rd1 Ree7 31.Qh4 Kg7 32.Kg2 Rcd7 33.Rxd7 Rxd7 34.Qh3 f5 35.Qh4 Rd2 36.Qg5 Qd4
37.Rxf5 Qe4+ 38.Rf3 Rxf2+ 39.Kh3 Qxf3 40.Qe5+ Kh7  0-1

[Event "Miskolc"]
[Site "Miskolc"]
[Date "1990.??.??"]
[Round "5"]
[White "Ruban, Vadim"]
[Black "Arkhipov, Sergey"]
[Result "1-0"]
[WhiteElo "2555"]
[BlackElo "2475"]

1.d4 Nf6 2.c4 e6 3.Nf3 b6 4.g3 Ba6 5.b3 Bb4+ 6.Bd2 Be7 7.Nc3 O-O 8.e4 d5
9.cxd5 exd5 10.Bxa6 Nxa6 11.e5 Ne4 12.Qe2 Nb4 13.O-O Nxc3 14.Bxc3 Qd7 15.Ne1 a5
16.f4 c5 17.f5 cxd4 18.Bxb4 Bxb4 19.Nd3 Rfe8 20.Rf4 Bf8 21.Raf1 Rac8 22.Qh5 Qc7
23.Rh4 h6 24.e6 Re7 25.Rg4 fxe6 26.f6 Rd7 27.Ne5 d3 28.f7+ Kh7 29.Qg6+ Kh8
30.Rh4 Qc5+ 31.Kh1 Qe3 32.Nxd7 d2 33.Nf6 Qf3+ 34.Rxf3 d1=Q+ 35.Kg2 Qc2+ 36.Qxc2 Rxc2+
37.Kh3 gxf6 38.Rg4 Rc8 39.Rg8+ Kh7 40.Rxf6 d4 41.Rxe6 d3 42.Re1 d2 43.Rd1 Rd8
44.Kg2  1-0

[Event "Miskolc"]
[Site "Miskolc"]
[Date "1990.??.??"]
[Round "9"]
[White "Halasz, Tamas"]
[Black "Arkhipov, Sergey"]
[Result "1/2-1/2"]
[WhiteElo "2415"]
[BlackElo "2475"]

1.d4 Nf6 2.Nf3 e6 3.c4 b6 4.g3 Ba6 5.b3 Bb4+ 6.Bd2 Be7 7.Nc3 O-O 8.e4 d5
9.cxd5 exd5 10.Bxa6 Nxa6 11.e5 Ne4 12.O-O f5 13.Ne2 Qd7 14.h4 c5 15.Bg5 Nc7
16.Nf4 Rae8 17.Rc1 Ne6 18.Bxe7 Rxe7 19.dxc5 Nxf4 20.c6 Nh3+ 21.Kg2 Nhxf2
22.cxd7 Nxd1 23.Rfxd1 Rxd7 24.Rc6 Re8 25.e6 Rd6 26.Rxd6 Nxd6 27.Ng5 Ne4 28.Rxd5 Nc3
29.Rd7 h6 30.Nh3 a5 31.Nf4 Nxa2 32.Rd6 b5 33.Ra6 Nc3 34.Rxa5 g5 35.hxg5 hxg5
36.Nh3 Rxe6 37.Nxg5 Re3 38.Nf3 Kf7 39.Nd4 Kf6 40.Nxb5 Ne4  1/2-1/2

[Event "Moscow op"]
[Site "Moscow"]
[Date "1990.??.??"]
[Round "?"]
[White "Naumkin, Igor"]
[Black "Zakharov, Alexander V"]
[Result "1-0"]
[WhiteElo "2445"]
[BlackElo "2390"]

1.d4 Nf6 2.c4 e6 3.Nf3 b6 4.g3 Ba6 5.b3 Bb4+ 6.Bd2 Be7 7.Nc3 d5 8.cxd5 exd5
9.Bg2 O-O 10.O-O Re8 11.Rc1 c5 12.Bg5 Nbd7 13.Re1 h6 14.Bxf6 Nxf6 15.Ne5 Bb7
16.dxc5 Bxc5 17.Nd3 Qd6 18.e3 a6 19.Rc2 Rac8 20.Ne2 Bb4 21.Nxb4 Qxb4 22.Qd2 Qxd2
23.Rxd2 Ne4 24.Rb2 Rc7 25.Nd4 Rec8 26.Bh3 Rc1 27.Rb1 Rxb1 28.Rxb1 Rc7 29.Bg4 Kf8
30.h4 g6 31.Kg2 h5 32.Be2 Ke7 33.f3 Nc5 34.Rc1 Ne6 35.Rxc7+ Nxc7 36.g4 hxg4
37.fxg4 Kf6 38.Kg3  1-0

[Event "Muenster op"]
[Site "Muenster"]
[Date "1990.??.??"]
[Round "8"]
[White "Sjoberg, Mats"]
[Black "Aseev, Konstantin N"]
[Result "0-1"]
[WhiteElo "2365"]
[BlackElo "2545"]

1.d4 Nf6 2.c4 e6 3.Nf3 b6 4.g3 Ba6 5.Nbd2 c5 6.Bg2 Nc6 7.O-O cxd4 8.a3 Be7
9.b4 Bb7 10.Nxd4 Qc8 11.Nxc6 Bxc6 12.e4 d6 13.Bb2 O-O 14.Qe2 a6 15.f4 Nd7
16.Rac1 Ra7 17.Nf3 Rc7 18.Rc2 Qb8 19.Rfc1 Rfc8 20.e5 Bxf3 21.Qxf3 dxe5 22.fxe5 a5
23.Rf1 Rf8 24.Qh5 axb4 25.axb4 Bxb4 26.Rf4 Be7 27.Be4 g6 28.Rg4 Kh8 29.Qh6 Rg8
30.h4 Bf8 31.Qf4 Nc5 32.h5 Nxe4 33.Qxe4 gxh5 34.Rxg8+ Kxg8 35.Qf3 b5 36.Qxh5 Rxc4
37.Qg5+ Bg7 38.Rd2 Rc8  0-1

[Event "Munich"]
[Site "Munich"]
[Date "1990.??.??"]
[Round "?"]
[White "Jussupow, Artur"]
[Black "Huebner, Robert"]
[Result "1/2-1/2"]
[WhiteElo "2615"]
[BlackElo "2595"]

1.d4 Nf6 2.c4 e6 3.Nf3 b6 4.g3 Ba6 5.Nbd2 c5 6.Bg2 Nc6 7.dxc5 bxc5 8.O-O Be7
9.b3 Bb7 10.Bb2 O-O 11.e4 d6 12.e5 dxe5 13.Nxe5 Qb6 14.Qf3 Rac8 15.Rad1 Rfd8
16.Nb1 Na5 17.Qe2 Bxg2 18.Kxg2 Nc6 19.Nxc6 Qxc6+ 20.Qf3 Kf8 21.Rxd8+ Bxd8
22.Rd1 Be7 23.Nc3 Ke8 24.Na4 g6 25.h3 Nd7 26.Bc3 f5 27.g4 Nf6 28.Qxc6+ Rxc6
29.f3 Nd7 30.Kf2 Rd6 31.Rxd6 Bxd6 32.Ke3 Ke7 33.a3 Bh2 34.b4 Bg1+ 35.Kd3 Kd6
36.Bg7 e5 37.Nc3 a6 38.b5 Bd4 39.Bh6 e4+ 40.fxe4 fxg4 41.hxg4 Ne5+ 42.Kc2 Nxg4
43.Bf8+ Kc7 44.bxa6 Ne5 45.Nb5+ Kb6 46.a7 Kb7 47.Bg7 Nxc4 48.Bxd4 cxd4 49.Kd3 Nb6
50.Kxd4 h5 51.e5 h4 52.Ke4 h3 53.Kf3 g5 54.Kg3 g4 55.e6 Nd5 56.Kh2 Ne7 57.Nd6+ Kxa7
58.Nc4 Kb7 59.Ne5 Kc7 60.Nxg4 Kd6  1/2-1/2

[Event "New York op"]
[Site "New York"]
[Date "1990.??.??"]
[Round "1"]
[White "Lein, Anatoly"]
[Black "Sokolov, Andrei"]
[Result "0-1"]
[WhiteElo "2485"]
[BlackElo "2585"]

1.d4 Nf6 2.c4 e6 3.Nf3 b6 4.g3 Ba6 5.b3 Bb4+ 6.Bd2 Be7 7.Bg2 d5 8.cxd5 Nxd5
9.Nc3 Nd7 10.O-O O-O 11.Nxd5 exd5 12.Rc1 Re8 13.Rc2 c5 14.Be3 Nf6 15.Ne5 Rc8
16.f4 cxd4 17.Bxd4 Bc5 18.Bxc5 bxc5 19.Bh3 Rc7 20.Qc1 Qd6 21.Rd1 Bc8 22.Bg2 Bf5
23.Rcd2 Qb6 24.e3 c4 25.Qc3 Ne4 26.Bxe4 Bxe4 27.Rf2 cxb3 28.Qxb3 Qxb3 29.axb3 Rc3
30.b4 Rxe3 31.Nc6 a6 32.Ra2 Bd3 33.Ne5 Bb5 34.Kf2 Rb3 35.Rd4 f6 36.Nf3 Bc4
37.Rad2 Rxb4 38.g4 a5 39.g5 a4 40.f5 a3  0-1

[Event "Novi Sad ol (Men)"]
[Site "Novi Sad"]
[Date "1990.??.??"]
[Round "1"]
[White "Gheorghiu, Florin"]
[Black "Huebner, Robert"]
[Result "0-1"]
[WhiteElo "2500"]
[BlackElo "2585"]

1.d4 Nf6 2.c4 e6 3.Nf3 b6 4.g3 Ba6 5.b3 Bb7 6.Bg2 Bb4+ 7.Bd2 a5 8.O-O O-O
9.Bg5 a4 10.Nbd2 h6 11.Bxf6 Qxf6 12.Qc2 c5 13.Ne4 Qe7 14.dxc5 bxc5 15.Nc3 axb3
16.axb3 Rxa1 17.Rxa1 Qf6 18.Rc1 Bxc3 19.Qxc3 Qxc3 20.Rxc3 Nc6 21.Rd3 Rd8
22.Nd2 Kf8 23.Ne4 Ne5 24.Rd1 Bxe4 25.Bxe4 f5 26.Bg2 Rb8 27.f4 Ng4 28.Rd3 Nf6
29.Kf2 Ke7 30.Bf3 g5 31.h3 Rb6 32.e3 d6 33.Rc3 e5 34.g4 fxg4 35.fxg5 hxg5
36.hxg4 e4 37.Be2 Nd7 38.Kg3 Rb8 39.Bd1 Rh8 40.Rc2 Rh1 41.Rd2 Ne5 42.Kg2 Rh4
43.Kg3 Ke6 44.Be2 Rh8 45.Bd1 Ra8 46.Bc2 Ra2 47.Rf2 Nd3 48.Re2 Nb4 49.Bd1 Ra1
50.Rd2 Ke5 51.Be2 Rb1 52.Bd1 Nd3 53.Kg2 Rc1 54.Be2 Rc3 55.Bd1 Nb4 56.Kf2 d5
57.cxd5 Nxd5 58.Re2 Rc1 59.Rd2 Rc3 60.Re2 Rc1 61.Rd2 Rb1 62.Be2 Nxe3  0-1

[Event "Novi Sad ol (Men)"]
[Site "Novi Sad"]
[Date "1990.??.??"]
[Round "2"]
[White "Zabasajja, Willy"]
[Black "Rodriguez, Amador"]
[Result "0-1"]
[WhiteElo "2310"]
[BlackElo "2515"]

1.d4 Nf6 2.c4 e6 3.Nf3 b6 4.g3 Ba6 5.Qc2 c5 6.Bg2 Nc6 7.dxc5 Bxc5 8.a3 Rc8
9.O-O Be7 10.b4 Bb7 11.Bb2 O-O 12.Nc3 a5 13.b5 Nb8 14.Nd2 Bxg2 15.Kxg2 d5
16.cxd5 Nxd5 17.Rfc1 Nxc3 18.Bxc3 Qd5+ 19.Qe4 Qxb5 20.Qg4 Qg5 21.Qf3 Nd7
22.Ne4 Qf5 23.Qxf5 exf5 24.Nd2 Rc6 25.Nf3 Rfc8 26.Bd2 g6 27.Nd4 Rxc1 28.Rxc1 Rxc1
29.Bxc1 Ne5 30.f4 Nc4 31.Nb5 f6 32.Kf3 Kf7 33.e4 Nd6 34.Nxd6+ Bxd6 35.exf5 gxf5
36.h3 Ke6 37.g4 b5 38.g5 fxg5 39.fxg5 Kf7 40.h4 Kg6 41.Kg2 Kh5 42.Kh3 f4
43.Bd2 a4 44.Bc1 f3  0-1

[Event "Novi Sad ol (Men)"]
[Site "Novi Sad"]
[Date "1990.??.??"]
[Round "8"]
[White "Skembris, Spyridon"]
[Black "Dive, Russell John"]
[Result "1-0"]
[WhiteElo "2455"]
[BlackElo "2290"]

1.d4 Nf6 2.c4 e6 3.Nf3 b6 4.g3 Ba6 5.b3 Bb4+ 6.Bd2 Be7 7.Bg2 Bb7 8.Nc3 d5
9.cxd5 exd5 10.O-O O-O 11.Bf4 Na6 12.Rc1 Re8 13.Ne5 h6 14.Qc2 Ba3 15.Rcd1 Bf8
16.Qb2 Qe7 17.Rfe1 c6 18.Bc1 c5 19.Nd3 Nc7 20.dxc5 bxc5 21.e3 Ne6 22.Na4 Rad8
23.Qc2 Bc6 24.Naxc5 Nxc5 25.Ba3 Nfd7 26.Nxc5 Nxc5 27.Rc1 Ba8 28.Bxc5 Qxc5
29.Qxc5 Bxc5 30.Rxc5 d4 31.Bxa8 Rxa8 32.Kf1 dxe3 33.Rxe3 Rxe3 34.fxe3 a5
35.Ke2 Kf8 36.Kd3 Ke7 37.Rc7+ Ke6 38.Kc4 h5 39.Rc5 g6 40.Kb5 Kd6 41.Rc6+ Ke5
42.Ra6 Rd8 43.Rxa5 Rd2 44.b4 Rxh2 45.Ka6+ Kd6 46.Ra3 g5 47.b5 Rb2 48.Rd3+ Ke5
49.a4 Ke4 50.Rd8 Kxe3 51.b6 Kf3 52.b7 Kxg3 53.Rd5  1-0

[Event "Novi Sad ol (Men)"]
[Site "Novi Sad"]
[Date "1990.??.??"]
[Round "9"]
[White "Lobron, Eric"]
[Black "Damaso, Rui"]
[Result "1-0"]
[WhiteElo "2535"]
[BlackElo "2390"]

1.d4 Nf6 2.Nf3 e6 3.c4 b6 4.g3 Ba6 5.Qa4 Bb7 6.Bg2 c5 7.dxc5 bxc5 8.Nc3 Be7
9.Bf4 O-O 10.Rd1 Qb6 11.O-O Bc6 12.Qc2 Qb7 13.Rd2 Na6 14.Rfd1 Bd8 15.Bg5 h6
16.Ne1 Bxg2 17.Nxg2 d5 18.Bxf6 Nb4 19.Qc1 Bxf6 20.cxd5 exd5 21.a3 Rac8 22.Na4 Na2
23.Qc2 c4 24.Rxd5 Qb3 25.Ne1 Rfe8 26.e3 Re6 27.Qxb3 cxb3 28.Nd3 Rc2 29.Rb5 Ra6
30.Nac5 Rc6 31.Nxb3 Bxb2 32.Na5 Ra6 33.Nxb2 Nc3 34.Rd8+ Kh7 35.Rdb8 Nxb5
36.Rxb5 Rxb2 37.Rxb2 Rxa5 38.Rb3 f6 39.g4 Kg6 40.Kg2 Kg5 41.Kg3 Ra4 42.h4+ Kg6
43.h5+ Kh7 44.f3 Kg8 45.e4 Kf7 46.Kf4 Ra5 47.Ke3 Kf8 48.Kd4 Kf7 49.Kc4 Kg8
50.Kb4 Ra6 51.a4 g6 52.Kb5 Re6 53.Ka5 gxh5 54.gxh5 Kh8 55.Rb8+ Kg7 56.Rb7+ Kg8
57.Rxa7 Re5+ 58.Kb6 Rxh5 59.Rc7 Rh1 60.Rc5 h5 61.a5 h4 62.a6  1-0

[Event "Novi Sad ol (Men)"]
[Site "Novi Sad"]
[Date "1990.??.??"]
[Round "11"]
[White "Gruenberg, Hans Ulrich"]
[Black "Hjartarson, Johann"]
[Result "1/2-1/2"]
[WhiteElo "2500"]
[BlackElo "2520"]

1.d4 Nf6 2.c4 e6 3.Nf3 b6 4.g3 Ba6 5.b3 Bb7 6.Bg2 Bb4+ 7.Bd2 c5 8.O-O O-O
9.Bxb4 cxb4 10.Qd3 d6 11.Nbd2 a5 12.Rad1 Qc7 13.e4 e5 14.Nh4 Nc6 15.d5 Ne7
16.Bh3 Ng6 17.Nxg6 hxg6 18.f4 Rae8 19.Rde1 Re7 20.f5 Qc5+ 21.Kh1 Bc8 22.g4 Ra7
23.Re2 g5 24.Nf3 Nh7 25.Qd2 f6 26.Rb1 Kf7 27.Bf1 Rh8 28.h4 gxh4 29.Rh2 Nf8
30.g5 Ke8 31.Nxh4 fxg5 32.Qxg5 Qd4 33.Bg2 Rf7 34.Ng6 Rxh2+ 35.Kxh2 Rf6 36.Nxf8 Kxf8
37.Rf1 Bd7 38.Kg3 Be8 39.Rh1 Kg8 40.Bf3 Qc3 41.Qh4 Rh6 42.Qd8  1/2-1/2

[Event "Novi Sad ol (Men)"]
[Site "Novi Sad"]
[Date "1990.??.??"]
[Round "11"]
[White "Schmidt, Loren R"]
[Black "Rodgaard, John"]
[Result "1/2-1/2"]
[WhiteElo "2300"]
[BlackElo "2360"]

1.d4 e6 2.c4 Nf6 3.Nf3 b6 4.g3 Ba6 5.Qa4 c5 6.Bg2 Bb7 7.O-O cxd4 8.Nxd4 Bxg2
9.Kxg2 Be7 10.Nc3 Qc8 11.Rd1 a6 12.f3 O-O 13.Bf4 Rd8 14.Ndb5 Ne8 15.Nd6 Nxd6  1/2-1/2